Catálogo público

Contribución al conocimiento de Icheneumonidae (Hymenoptera) del sureste de México / (Record no. 208007)

MARC details
000 -CABECERA
campo de control de longitud fija 01025nam a2200301Ia 4500
001 - NÚMERO DE CONTROL
campo de control Para_9269
003 - IDENTIFICADOR DEL NÚMERO DE CONTROL
campo de control CHAP
008 - DATOS DE LONGITUD FIJA--INFORMACIÓN GENERAL
campo de control de longitud fija 220125s2002 xx 000 0 und d
010 ## - NÚMERO DE CONTROL DE LA BIBLIOTECA DEL CONGRESO
Número de control de LC 208007
040 ## - FUENTE DE LA CATALOGACIÓN
Centro/agencia transcriptor CHAP
082 ## - NÚMERO DE LA CLASIFICACIÓN DECIMAL DEWEY
Número de clasificación 595.79 R8
100 ## - ENTRADA PRINCIPAL--NOMBRE DE PERSONA
Nombre de persona Ruíz Cancino, Enrique
9 (RLIN) 100623
245 ## - MENCIÓN DE TÍTULO
Título Contribución al conocimiento de Icheneumonidae (Hymenoptera) del sureste de México /
Mención de responsabilidad, etc. por Enrique Ruíz Cancino, Juana María Coronado Blanco y José Alfredo Martínez Ramírez
260 ## - PUBLICACIÓN, DISTRIBUCIÓN, ETC.
Lugar de publicación, distribución, etc. Cd. Victoria, Tamaulipas, México :
Nombre del editor, distribuidor, etc. Universidad Autónoma de Tamaulipas
300 ## - DESCRIPCIÓN FÍSICA
Extensión 119 p.
440 ## - MENCIÓN DE SERIE/PUNTO DE ACCESO ADICIONAL--TÍTULO
Título Serie Publicaciones Científicas; 5
9 (RLIN) 174440
650 ## - PUNTO DE ACCESO ADICIONAL DE MATERIA--TÉRMINO DE MATERIA
Término de materia o nombre geográfico como elemento de entrada Himenópteros
9 (RLIN) 55474
650 ## - PUNTO DE ACCESO ADICIONAL DE MATERIA--TÉRMINO DE MATERIA
Término de materia o nombre geográfico como elemento de entrada Ichneumonidae
9 (RLIN) 57270
700 ## - PUNTO DE ACCESO ADICIONAL--NOMBRE DE PERSONA
Nombre de persona Coronado Blanco, Juana María
9 (RLIN) 174441
700 ## - PUNTO DE ACCESO ADICIONAL--NOMBRE DE PERSONA
Nombre de persona Martínez Ramírez, José Alfredo
9 (RLIN) 174442
901 ## - ELEMENTOS DE DATOS A LOCAL LDA (RLIN)
a 595.79 R8
902 ## - ELEMENTOS DE DATOS B LOCAL, LDB (RLIN)
a I
905 ## - ELEMENTOS DE DATOS E LOCAL, LDE (RLIN)
a 0000002002 a 0000000000 00
910 ## - DATOS DE OPCIÓN DEL USUARIO (OCLC)
Datos de opción del usuario 2002
942 ## - ELEMENTOS DE PUNTO DE ACCESO ADICIONAL (KOHA)
Tipo de ítem Koha Parasitologia_
942 ## - ELEMENTOS DE PUNTO DE ACCESO ADICIONAL (KOHA)
Tipo de ítem Koha Parasitologia_
-- 1
Holdings
Estado de retiro Estado de pérdida Fuente del sistema de clasificación o colocación Estado dañado Restricciones de uso No para préstamo Código de colección Localización permanente Ubicación/localización actual Fecha de adquisición Número de inventario Total de préstamos Signatura topográfica completa Código de barras Fecha visto por última vez Número de copia Precio válido a partir de Tipo de ítem Koha Nota pública
    Dewey Decimal Classification   Préstamo interno   General Parasitologia Agricola Parasitologia Agricola 15/05/2007 (PA_09076) (No. UACh C/E)   595.79 R8 4102001239 25/01/2022 Ej.1 25/01/2022 Libro 3